| 000 | 01482nam0a22003011 4500 | ||
|---|---|---|---|
| 001 | rc\2200601 | ||
| 005 | 20110829165037.9 | ||
| 035 | _a(NLR Aleph) 006615610 | ||
| 090 |
_a7395106 _c7395106 |
||
| 100 | _a20110829d1978 |||y0rusy50 ca | ||
| 101 | 0 | _arus | |
| 102 | _aRU | ||
| 105 | _aa z ||||| | ||
| 200 | 1 |
_aОпыт строительства морских берегозащитных берм из фигурных блоков _fМ-во трансп. стр-ва. Центр. ин-т совершенствования технологии стр-ва, нормат. исслед. и НТИ в трансп. стр-ве "Оргтрансстрой" |
|
| 210 |
_aМосква _cБ. и. _d1978 |
||
| 215 |
_a13 с. _cил. _d22 |
||
| 225 | 1 | _aЭкспресс-информация | |
| 300 | _aВ вып. дан.: кандидаты техн. наук Г.А. Цатурян, Я.С. Шульгин, инженеры И.Д. Бобрик [и др.] | ||
| 701 | 1 |
_aШульгин _bЯ. С. |
|
| 701 | 1 |
_aБобрик _bИ. Д. |
|
| 701 | 1 |
_aЦатурян _bГ. А. |
|
| 712 | 0 | 2 |
_aЦентральный институт нормативных исследований и научно-технической информации в транспортном строительстве _cМосква _3RU\NLR\AUTH\889997712 |
| 801 | 0 |
_aRU _bNLR _gpsbo |
|
| 801 | 1 |
_aRU _bELAR _2rusmarc |
|
| 852 |
_aNLR _j78-6/2539 |
||
| 899 |
_aRuMoRGB _jM 78-12/2022 |
||
| 942 | _cBOOK | ||
| 980 | _aNB | ||